Gazteen Biblia / (Record no. 33437)

MARC details
000 -LEADER
campo de control de longitud fija 00750nam a2200217 i 4500
001 - NÚMERO DE CONTROL
campo de control 33437
003 - IDENTIFICADOR DE NÚMERO DE CONTROL
campo de control ES-MaACL
005 - FECHA Y HORA DE LA ÚLTIMA TRANSACCIÓN
campo de control 20260316180540.0
007 - CAMPO FIJO DE DESCRIPCIÓN FÍSICA--INFORMACIÓN GENERAL
campo de control de longitud fija t|
008 - DATOS DE LONGITUD FIJA--INFORMACIÓN GENERAL
campo de control de longitud fija 030202s1968 sp a |||| | baq d
080 ## - NÚMERO DE LA CLASIFICACIÓN DECIMAL UNIVERSAL
Número de la Clasificación Decimal Universal 22.05=916.9
130 0# - ENTRADA PRINCIPAL--TÍTULO UNIFORME
Título uniforme Biblia.
Lenguaje de la obra Vasco.
9 (RLIN) 119316
245 10 - MENCIÓN DEL TÍTULO
Título Gazteen Biblia /
Mención de responsabilidad, etc. F. Hoffmann eta Ondarrabi'ko F.'ren itzak Taizé Praille-etxeko Saussure'tar Eri Anayaren irudi apaingarriak.
260 ## - PUBLICACIÓN, DISTRIBUCIÓN, ETC.
Lugar de publicación, distribución, etc. San Sebastián :
Nombre del editor, distribuidor, etc. Bruño,
Fecha de publicación, distribución, etc. [1968]
300 ## - DESCRIPCIÓN FÍSICA
Extensión 280 p. :
Otras características físicas il. col. y n. ;
Dimensiones 24 cm.
700 1# - ENTRADA AGREGADA--NOMBRE PERSONAL
Nombre de persona Hoffmann, Ernst T. A.
Fechas asociadas al nombre 1776-1822
9 (RLIN) 242917
700 0# - ENTRADA AGREGADA--NOMBRE PERSONAL
Nombre de persona Felipe de Fuenterrabía,
Fechas asociadas al nombre 1919-2003
9 (RLIN) 150919
700 1# - ENTRADA AGREGADA--NOMBRE PERSONAL
Nombre de persona Erik de Saussure, Anayak.
9 (RLIN) 47393
852 ## - LOCALIZACIÓN
Ubicación ES-MaACL
Número de control de estantería C-46724
Holdings
Estatus retirado Estado de pérdida Estado de daño No para préstamo Biblioteca de origen Biblioteca actual Ubicación en estantería Fecha de adquisición Fuente de adquisición Total de préstamos Signatura topográfica completa Código de barras Visto por última vez Precio de reemplazo Tipo de ítem Koha
        Biblioteca del Ateneo de Madrid Biblioteca del Ateneo de Madrid Depósito 2 17/01/2008     C-46724 1034783 23/02/2023 23/02/2023 Libro impreso